Catholic Holy Days of Obligation - Statistics

General Stats
  • This quiz has been taken 107 times
  • The average score is 3 of 6
Answer Stats
Date Feast Name % Correct
Deceber 25 Nativity of Our Lord
95%
November 1 All Saints' Day
78%
August 15 Assumption of Mary
52%
December 8 Immaculate Conception
49%
40 Days after Easter Ascension Thursday
40%
January 1 Feast of Mary, Mother of God
29%
No matching quizzes found
Score Distribution
Percent of People with Each Score
Percentile by Number Answered
Your Score History
You have not taken this quiz